000 01509cam a2200217 4500
001 ##L132872
008 060315n2006 000 0 eng u
035 _a(Sirsi) u132872
041 0 _aeng
050 0 4 _a711.1 $2 18
110 1 _aUnited Kingdom
_bOffice of the Deputy Prime Minister
245 _aReview of the code of best practice on mobile phone network development
_bfinal report
260 _aLondon
_bODPM
_c2006
520 _aThis is the final report of a study into the operation and effectiveness of the Code of Best Practice on Mobile Phone Network Development (CoBP) carried out by the University of Reading and Arup on behalf of the ODPM. Presents key findings on how local planning authorities have operated the guidance in CoBP and on the public perception of CoBP's effectiveness. COBP has significantly improved the process of planning for mobile network development, setting out what is expected of operators, agents and local planning authorities, but there remains a lack of trust. Where operators and agents comply with CoBP it is considered to be working well. Recommendations are made including the need to revise CoBP to reflect the ongoing evolution of network development.
590 _aIKA280306
690 _aPROPERTY-INFRASTRUCTURE-TELECOMMUNICATIONS INFRASTRUCTURE
710 2 _aUniversity of Reading
_93273
710 2 _aArup
_94773
856 4 0 _uhttps://www.communities.gov.uk/index.asp?id=1163923
_zView the report free of charge at www.dclg.org.uk...
942 _n0
999 _c105266
_d105266